[Event "Basel Hilton op 14th"]
[Site "Basel"]
[Date "2012.01.03"]
[Round "4"]
[White "Sperzel, Bernd"]
[Black "Braeunlin, Klaus"]
[Result "0-1"]
[WhiteElo "1983"]
[BlackElo "2155"]
[PlyCount "56"]
[EventDate "2012.01.01"]
[EventType "swiss"]
[EventRounds "7"]
[EventCountry "SUI"]
[SourceTitle "CBM 146 Extra"]
[Source "ChessBase"]
[SourceDate "2012.02.29"]
[SourceVersion "1"]
[SourceVersionDate "2012.02.29"]
[SourceQuality "1"]

1. d4 Nf6 2. Nf3 e6 3. c4 Bb4+ 4. Bd2 Be7 5. Nc3 d5 6. g3 c6 7. cxd5 exd5 8. Bg2 0-0 9. 0-0 Re8 10. a3 Nbd7 11. b4 Nb6 12. Ne5 Ng4 13. Na4 Nxe5 14. Nxb6 Nf3+ 15. exf3 Qxb6 16. Be3 Bd7 17. Re1 a5 18. Rb1 axb4 19. axb4 Bf5 20. Rb2 Bf6 21. Bf1 Bxd4 22. Bxd4 Rxe1 23. Qxe1 Qxd4 24. Re2 g6 25. Re8+ Rxe8 26. Qxe8+ Kg7 27. g4 Be6 28. Qe7 Qf6 0-1

[Event "Basel Hilton op 14th"]
[Site "Basel"]
[Date "2012.01.02"]
[Round "3"]
[White "Braeunlin, Klaus"]
[Black "Filipovic, Branko"]
[Result "0-1"]
[WhiteElo "2155"]
[BlackElo "2374"]
[PlyCount "92"]
[EventDate "2012.01.01"]
[EventType "swiss"]
[EventRounds "7"]
[EventCountry "SUI"]
[SourceTitle "CBM 146 Extra"]
[Source "ChessBase"]
[SourceDate "2012.02.29"]
[SourceVersion "1"]
[SourceVersionDate "2012.02.29"]
[SourceQuality "1"]

1. e4 d5 2. exd5 Nf6 3. d4 Bg4 4. Nf3 Qxd5 5. Nc3 Qf5 6. Be2 Nc6 7. h3 Bxf3 8. Bxf3 0-0-0 9. Be3 e5 10. g4 Qg6 11. Bxc6 bxc6 12. Qe2 exd4 13. Qa6+ Kb8 14. 0-0-0 Bc5 15. Na4 Ne4 16. Bf4 Qf6 17. Bg3 Nxg3 18. fxg3 Bb6 19. Rhf1 Qg5+ 20. Rf4 Rhe8 21. Qc4 d3 22. cxd3 Be3+ 23. Kb1 Bxf4 24. Nc5 Ka8 25. gxf4 Qd5 26. Qc2 Rb8 27. Rc1 Rb6 28. f5 Re3 29. Qc3 f6 30. Ne6 Qxd3+ 31. Qxd3 Rxd3 32. Nxg7 Rxh3 33. Ne8 h5 34. Nxf6 hxg4 35. Nxg4 Rf3 36. Ne5 Rf2 37. b3 Ra6 38. a4 Rb6 39. Rc3 Kb7 40. Nc4 Rb4 41. Na5+ Kb6 42. Nc4+ Kc5 43. Na5+ Kd5 44. Rd3+ Rd4 45. Rxd4+ Kxd4 46. Nxc6+ Kc3 0-1

[Event "Stuttgart-chA int"]
[Site "Gerlingen"]
[Date "2011.06.04"]
[Round "6"]
[White "Braeunlin, Klaus"]
[Black "Fahnenschmidt, Gerhard"]
[Result "1-0"]
[WhiteElo "2147"]
[BlackElo "2014"]
[PlyCount "55"]
[EventDate "2011.06.02"]
[EventType "swiss"]
[EventRounds "7"]
[EventCountry "GER"]
[SourceTitle "EXT 2018"]
[Source "ChessBase"]
[SourceDate "2017.10.13"]
[SourceVersion "1"]
[SourceVersionDate "2017.10.13"]
[SourceQuality "1"]

1. e4 c5 2. Nf3 Nc6 3. Bb5 Nf6 4. Nc3 d6 5. d3 g6 6. 0-0 Bg7 7. e5 dxe5 8. Nxe5 Bd7 9. Nxc6 bxc6 10. Ba4 0-0 11. Be3 Nd5 12. Qd2 Nxc3 13. bxc3 Qa5 14. Bb3 Bxc3 15. Qe2 Bxa1 16. Rxa1 Qc3 17. Rd1 e5 18. Bh6 Rfc8 19. Qf3 Bf5 20. g4 e4 21. Qf4 exd3 22. gxf5 dxc2 23. Rc1 Kh8 24. f6 Rg8 25. Bxf7 g5 26. Bg7+ Rxg7 27. fxg7+ Kxg7 28. Qc4 1-0